000 00422nam a2200157 a 4500
001 3362
003 CO-ViMGA
008 141112s2004 ck r 000 u spa d
040 _aCO-ViMGA
_bspa
_cCO-ViMGA
082 0 4 _a641.568 E537
245 1 0 _aEl gran libro de la cocina tradicional navideña
260 _aSantafé de Bogotá :
_bVoluntad,
_c1996
300 _a176 p : il
650 1 4 _aRECETAS DE COCINA
942 _2ddc
_cBK
999 _c15411
_d15411